<?xml version="1.0" encoding="UTF-8"?>
<record
    xmlns:xsi="http://www.w3.org/2001/XMLSchema-instance"
    xsi:schemaLocation="http://www.loc.gov/MARC21/slim http://www.loc.gov/standards/marcxml/schema/MARC21slim.xsd"
    xmlns="http://www.loc.gov/MARC21/slim">

  <leader>00669nam a2200193 a 4500</leader>
  <controlfield tag="001">3005</controlfield>
  <controlfield tag="003">CDMR</controlfield>
  <controlfield tag="005">20151016134802.0</controlfield>
  <controlfield tag="008">130130s1976||||||||||||||||||||||||||||d</controlfield>
  <datafield tag="040" ind1=" " ind2=" ">
    <subfield code="a">CDMR</subfield>
    <subfield code="b">cat</subfield>
    <subfield code="c">CDMR</subfield>
  </datafield>
  <datafield tag="111" ind1="2" ind2=" ">
    <subfield code="a">Congreso Internacional de Periodistas</subfield>
    <subfield code="c">Helsinki</subfield>
    <subfield code="d">1976</subfield>
    <subfield code="n">8&#xBA;</subfield>
    <subfield code="9">2208</subfield>
  </datafield>
  <datafield tag="245" ind1="1" ind2="0">
    <subfield code="a">8&#xBA; Congreso de la Organizaci&#xF3;n Internacional de Periodistas</subfield>
    <subfield code="b">: Helsinki, Finlandia, septiembre 1976</subfield>
  </datafield>
  <datafield tag="246" ind1=" " ind2=" ">
    <subfield code="a">8&#xAA; Congreso d ela OIP</subfield>
  </datafield>
  <datafield tag="260" ind1=" " ind2=" ">
    <subfield code="a">Praga</subfield>
    <subfield code="c">[s.d]</subfield>
    <subfield code="b">Organizaci&#xF3;n Internacional de Periodistas</subfield>
  </datafield>
  <datafield tag="300" ind1=" " ind2=" ">
    <subfield code="a">130 p.</subfield>
  </datafield>
  <datafield tag="650" ind1="0" ind2="4">
    <subfield code="9">3445</subfield>
    <subfield code="a">Periodisme</subfield>
    <subfield code="x">Congressos</subfield>
  </datafield>
  <datafield tag="610" ind1="2" ind2=" ">
    <subfield code="9">2308</subfield>
    <subfield code="a">International Organisation of Journalists</subfield>
  </datafield>
  <datafield tag="942" ind1=" " ind2=" ">
    <subfield code="c">MON</subfield>
    <subfield code="2">udc</subfield>
  </datafield>
  <datafield tag="999" ind1=" " ind2=" ">
    <subfield code="c">3005</subfield>
    <subfield code="d">3005</subfield>
  </datafield>
  <datafield tag="952" ind1=" " ind2=" ">
    <subfield code="0">0</subfield>
    <subfield code="1">0</subfield>
    <subfield code="4">0</subfield>
    <subfield code="7">0</subfield>
    <subfield code="a">CDMR</subfield>
    <subfield code="b">CDMR</subfield>
    <subfield code="d">2013-01-16</subfield>
    <subfield code="l">0</subfield>
    <subfield code="o">Ci 11/5</subfield>
    <subfield code="p">CDMR13119567</subfield>
    <subfield code="r">2013-01-16</subfield>
    <subfield code="w">2013-01-16</subfield>
    <subfield code="y">MON</subfield>
  </datafield>
</record>
